Library Banner

Setting the East ablaze (Record no. 68039)

MARC details
000 -LEADER
fixed length control field 00435nam a22001577a 4500
005 - DATE AND TIME OF LATEST TRANSACTION
control field 20150319104723.0
008 - FIXED-LENGTH DATA ELEMENTS--GENERAL INFORMATION
fixed length control field 150319b xxu||||| |||| 00| 0 eng d
020 ## - INTERNATIONAL STANDARD BOOK NUMBER
International Standard Book Number 0393019438
040 ## - CATALOGING SOURCE
Transcribing agency PK-LaUMT
082 ## - DEWEY DECIMAL CLASSIFICATION NUMBER
Classification number KHC 958
Item number HOP-S
100 ## - MAIN ENTRY--PERSONAL NAME
Personal name Hopkirk, Peter
245 ## - TITLE STATEMENT
Title Setting the East ablaze
Remainder of title lenin's dream of an empire in Asia
Statement of responsibility, etc Peter Hopkirk
260 ## - PUBLICATION, DISTRIBUTION, ETC. (IMPRINT)
Place of publication, distribution, etc London
Name of publisher, distributor, etc W.W. Norton and Co.
Date of publication, distribution, etc 1984
300 ## - PHYSICAL DESCRIPTION
Extent 252 p.
942 ## - ADDED ENTRY ELEMENTS (KOHA)
Koha item type Books
Holdings
Withdrawn status Lost status Damaged status Home library Current library Date acquired Full call number Barcode Date last seen Price effective from Koha item type
      UMT Main Campus UMT Main Campus 2015-03-19 KHC 958 HOP-S 68727 2015-03-19 2015-03-19 Books